000 02368nam a22002777a 4500
005 20161214092225.0
008 130419s1578||||sp |||fr|||||001|0|lat|d
040 _aCo-BoUCM
_bspa
_cSandra Yazo (modificó)
_dSandra Yazo (modificó)
041 0 _alat
082 0 4 _a346.054
_220
092 _aE05N056
100 1 _aRodríguez Alvarado, Diego
_d1529-approximately 1584
_938500
242 0 0 _aCuatro libros sobre cómo reconstruir metódicamente la intención probable del difunto
_cautor Diego Rodríguez Alvarado
_yspa
245 1 0 _aDe coniecturata mente defuncti ad methodum redigenda libri quatuor
_cauctore Didaco Roderico Alvarado
260 _aHispali [Sevilla] (España)
_bApud Ferdinandum Diaz typographum [En los talleres del impresor Fernando Díaz]
_c1578
300 _a[3], 201, [3] folios
_c29 x 20 cm.
500 _aDetalles físicos: Encuadernación flexible en pergamino, en buen estado. Tapa posterior perdió la esquina inferior. Guardas con papel impreso, se conservan parcialmente. Portada impresa en una sola tinta, con varias anotaciones manuscritas, algunas tachadas. Privilegio real, dedicatoria. Cenefas y remates. Mayúsculas capitales. Texto impreso en dos columnas con varios tipos y tamaños de letra. Sumarios y párrafos numerados. Signaturas y reclamos. Colofón. Deformación de plano sobre el papel, notorias perforaciones de insectos, en el folio 118 (Folio. 81 – 165). En folio 201 firma "Verástegui 1763". Folio 200 mal foliado (220), impresión en el encabezado corregido a mano, folios 2v en adelante
505 0 _aLibro 1 – 4: Qué es y qué modalidades presenta la voluntad del disponente ; Cómo probarla con verdad o con presunción -- Cómo interpretar la disposición que se considera dudosa en cuanto al testador, al legatario o a las cosas legadas -- Cómo y de qué modos se percibe una "voluntad dudosa" -- Interpretación de términos
506 _aConsulta en sala
546 _aTexto en latín
650 7 _aDerecho civil
_xObras anteriores a 1800
_929560
650 7 _aTestamentos
_xObras anteriores a 1800
_937669
690 _aDerecho civil
_912711
856 _uhttp://books.google.com.co/books?id=tbu2h1V_l7YC&printsec=frontcover&dq=De+coniecturata+mente+defuncti+ad+methodum&hl=es&sa=X&ei=HvqlUfOxMsOjigK1mIG4CA&ved=0CDYQ6AEwAQ
_zDisponible en línea
942 _cLIBRO
_e1
_a8
_2LOCAL
_hE05N056
999 _c70066
_d70066